Score 0/10 Timer 06:00
0 Plays Today
Character Actor % Correct
Leroy Jethro GibbsMark Harmon
97.3%
Anthony 'Tony' DiNozzoMichael Weatherly
91.4%
Ziva DavidCote de Pablo
89.1%
Timothy McGeeSean Murray
73%
Caitlin 'Kate' ToddSasha Alexander
70.7%
Abby SciutoPauley Perrette
69.6%
Jenny ShepardLauren Holly
66.2%
Dr. Donald 'Ducky' MallardDavid McCallum
64.9%
Leon VanceRocky Carroll
61.7%
Jimmy PalmerBrian Dietzen
48.3%
Remove Ads.
Support Sporcle.
Get the best of Sporcle when you Go Orange. This ad-free experience offers more features, more stats, and more fun while also helping to support Sporcle. Thank you for becoming a member.

You're not logged in!

Compare scores with friends on all Sporcle quizzes.
OR
Log In

Show Comments

Extras

Created Oct 2, 2009ReportNominate
Tags:Actor Quiz, Cast Quiz, Character, nci

Top Quizzes Today


Score Distribution

Your Account Isn't Verified!

In order to create a playlist on Sporcle, you need to verify the email address you used during registration. Go to your Sporcle Settings to finish the process.

Report this User

Report this user for behavior that violates our Community Guidelines.

Details: